1354 1385 1009 1219 1099 1575 1712 1026 1857 1036 1358 1883 1672 1830 1984 1087 1974 1098 1279 1062 1317 1201 1035 1428 1482 1413 1880 1977 1271 1674 1934 1592 1235 1889 1008 1894 1588 1356 1322 1517 1249 1646 1224 1680 1429 1751 1116 1268 1033 1866 1107 1368 1854 1319 1507 1982 1765 1886 1249 1486 1920 1039 1579 1387 1465 1655 1012 1267 1746 1042 1422 1009 1651 1177 1460 1578 1900 1416 1926 1092 1057 1964 1769 1935 1818 1768 1000 1427 1672 1551 1268 1513 1746 1648 1733 1062 1486 1860 1256 BCNSPRNW ULIB Ver.6.0+V

เปลี่ยนเป็นภาษาไทย

Change to English
 แสดงรายละเอียดบรรณานุกรม
  กลับหน้าหลัก

Brief Record : Get Marc (ISO 2709) : E-mail record : QR code < ปิดหน้าต่าง
LEADER : 00000nam 2200000uu 4500
001    13399121377
003     ULIB
008    121116s2550||||th 000 0 tha d
020    ^a9749348281
090    ^aรส.^bส644อ 2550
100 0  ^aสานุพันธ์ ตันติศิริวัฒน์
245 10 ^aอัจฉริยะบนทางสีขาว :^bดร. อาจอง ชุมสาย ณ อยุธยา /^cสานุพันธ์ ตันติศิริวัฒน์
250    ^aพิมพ์ครั้งที่ 6
260    ^aกรุงเทพฯ :^bฟรีมายด์,^c2550
300    ^a215 หน้า :^bภาพประกอบ ;^c21 ซม.
600 07 ^aอาจอง ชุมสาย ณ อยุธยา,^d2483-
650  7 ^aชีวประวัติ
650  7 ^aนักวิทยาศาสตร์
650  7 ^aนักวิทยาศาสตร์^xชีวประวัติ
650  7 ^aนักวิทยาศาสตร์^zไทย^vชีวประวัติ
945    ^p195^l0^i14088
995    ^aกัณชพร
999 ^a กัณชพร
รายการนี้ยังไม่มีแท็ก
คุณยังไม่ได้ล็อกอิน คุณสามารถมีกิจกรรมร่วมกับเว็บไซต์ได้ แต่ต้องล็อกอินก่อน ::
  ล็อกอิน

รายการสื่อสารสนเทศ

ลำดับที่ ประเภท เลขเรียก/บาร์โค้ด สถานที่ สถานะ
1. วิทยาศาสตร์การแพทย์ และสุขภาพ
วิทยาศาสตร์การแพทย์ และสุขภาพ
รส. ส644อ 2550  
  Barcode: 14088
ห้องสมุดวิทยาเขตสวรรค์ประชารักษ์
►นวนิยาย
บนชั้น
  ขอยืม

รายการใกล้เคียง
    ผู้แต่ง [สานุพันธ์ ตันติศิริวัฒน์]

    หัวเรื่อง [ชีวประวัติ]
    หัวเรื่อง [นักวิทยาศาสตร์]

BibComment


ยังไม่เคยถูกคอมเมนท์

คอมเมนท์ทรัพยากรรายการนี้
  คอมเมนท์: อัจฉริยะบนทางสีข..


 Copyright 2026. Bcnsprnw @Library